000 00426nam a2200181Ia 4500
001 12186
005 20260306162923.0
008 260306t2021||||xx |||||||||||||| ||spa||
041 _aESP
082 _aHR 346.2
_bT. 3 NOV-DIC 2021 GF
110 _aGaceta Jurídica
245 0 _aGaceta de familia
260 _c2021
300 _a184 páginas :
_c25 cm.
650 _aGEN
654 _aCDE
942 _cREV
_dJUS
_fJUS
_2ddc
_n
999 _c12186
_d12186